National Accounts of OECD Countries General Government Accounts 2010-2017

Salvato in:
Dettagli Bibliografici
Natura: Libro
Lingua:inglese
Pubblicazione: Paris OECD 2019
Soggetti:
Tags: Aggiungi Tag
Nessun Tag, puoi essere il primo ad aggiungerne!!

MARC

LEADER 00000nam a2200000 4500
001 0257587
005 20221220064829.6
020 |a 978-92-64-31025-4 
020 |a 978-92-64-31026-1 
022 |a 2221-5344 
041 0 |a eng 
044 |a FR 
245 1 0 |a National Accounts of OECD Countries  |b General Government Accounts 2010-2017 
264 1 |a Paris  |b OECD  |c 2019 
300 |a 289 s. 
610 2 0 |a účty národné 
610 2 0 |a účtovníctvo národné 
610 2 0 |a bilancie 
610 2 0 |a účty finančné 
610 2 0 |a príjmy 
610 2 0 |a výdavky 
610 2 0 |a produkcia 
610 2 0 |a úspory 
610 2 0 |a dane 
610 2 0 |a údaje štatistické 
610 2 0 |a porovnanie štatistické medzinárodné